Informace o stavu soukromého vysokého školství v roce 2004
Stav súkromného vysokého školstva v Českej republike v roku 2004. Akreditované študijné programy. Odborové zameranie súkromných škôl. Údaje o počte študentov, absolventov, pedagógov. Hodnotenie súkromných škôl.
Gespeichert in:
| Format: | Buchkapitel |
|---|---|
| Sprache: | Tschechisch |
| Schlagworte: | |
| Tags: |
Keine Tags, Fügen Sie das erste Tag hinzu!
|
MARC
| LEADER | 00000naa$a2200000$$$4500 | ||
|---|---|---|---|
| 001 | 0044915 | ||
| 005 | 20230919104553.6 | ||
| 041 | 0 | |a cze | |
| 044 | |a CZ | ||
| 245 | 1 | 0 | |a Informace o stavu soukromého vysokého školství v roce 2004 |
| 520 | |a Stav súkromného vysokého školstva v Českej republike v roku 2004. Akreditované študijné programy. Odborové zameranie súkromných škôl. Údaje o počte študentov, absolventov, pedagógov. Hodnotenie súkromných škôl. | ||
| 610 | 2 | 0 | |a školy súkromné |
| 610 | 2 | 0 | |a školy vysoké |
| 610 | 2 | 0 | |a Česko |
| 610 | 2 | 0 | |a akreditácia |
| 610 | 2 | 0 | |a programy študijné |
| 610 | 2 | 0 | |a 2004 |